[Event "Tourn. n8251"]
[Site "www.chess-mail.com"]
[Date "2015.07.22"]
[Round "1"]
[White "Bevittsmith"]
[Black "Hali"]
[WhiteElo "2260"]
[BlackElo "2110"]
[Result "1/2-1/2"]
[Round "1"]
1.e4 c5
2.Ng1f3 Nb8c6
3.d4 cxd4
4.Nf3xd4 Ng8f6
5.Nb1c3 e5
6.Nd4b5 d6
7.Bc1g5 a6
8.Nb5a3 b5
9.Nc3d5 Bf8e7
10.Bg5xf6 Be7xf6
11.c3 Ra8b8
12.Na3c2 Bf6g5
13.Bf1d3 Nc6e7
14.Nc2e3 Bg5xe3
15.Nd5xe3 d5
16.exd5 Bc8b7
17.Qd1e2 O-O
18.O-O Ne7xd5
19.Ne3xd5 Qd8xd5
20.f3 f5
21.Bd3c2 Qd5c5
22.Qe2f2 Qc5xf2
23.Kxf2 Rb8d8
24.Ra1d1 f4
25.Rd1xd8 Rf8xd8
26.Rf1d1 Rd8xd1
27.Bc2xd1 Kf7
28.a4 Ke6
29.axb5 axb5
30.Bd1e2 Bb7c6
31.Be2d3 h6
32.Ke2 Kd6
33.Bd3g6 Bc6d5
34.Kd2 Kc5
35.Kc2 { draw }
1/2-1/2

[Event "Tourn. n8300"]
[Site "www.chess-mail.com"]
[Date "2015.07.22"]
[Round "1"]
[White "Culiflori"]
[Black "Gatrooper"]
[WhiteElo "999"]
[BlackElo "1200"]
[Result "1-0"]
[Round "1"]
1.e4 e5
2.Ng1f3 Nb8c6
3.Bf1c4 d6
4.d4 exd4
5.Nf3xd4 Nc6xd4
6.Qd1xd4 Bc8e6
7.Nb1c3 Be6xc4
8.Qd4xc4 Qd8f6
9.O-O c6
10.Rf1e1 d5
11.exd5 Bf8e7
12.dxc6 bxc6
13.Bc1e3 Ng8h6
14.Be3c5 O-O
15.Bc5xe7 Qf6g6
16.Be7xf8 Ra8xf8
17.Nc3e4 Nh6f5
18.Ra1d1 Nf5h4
19.Ne4g3 Qg6f6
20.Qc4d4 Qf6g5
21.Re1e5 f5
22.Qd4c4 Kh8
23.Qc4c5 Rf8c8
24.Rd1e1 h6
25.Re5e8 Rc8xe8
26.Re1xe8 Kh7
27.h3 Qg5c1
28.Kh2 Qc1f4
29.Qc5e3 Qf4d6
30.Qe3e6 Qd6xe6
31.Re8xe6 f4
32.Ng3e4 Nh4f5
33.Re6xc6 a5
34.Rc6a6 Nf5d4
35.c3 Nd4e2
36.Ra6xa5 Ne2c1
37.a4 Nc1b3
38.Ra5b5 Nb3c1
39.a5 Nc1e2
40.a6 f3
41.gxf3 Ne2f4
42.a7 Nf4e6
43.a8Q Ne6c7
44.Qa8b7 Nc7xb5
45.Qb7xb5 { resign }
1-0

[Event "Tourn. n8274"]
[Site "www.chess-mail.com"]
[Date "2015.07.22"]
[Round "1"]
[White "Goga"]
[Black "Sinergia"]
[WhiteElo "2010"]
[BlackElo "1880"]
[Result "0-1"]
[Round "1"]
1.c4 Ng8f6
2.d4 e6
3.Nb1c3 Bf8b4
4.Bc1g5 h6
5.Bg5h4 O-O
6.Ng1f3 c6
7.e3 Qd8a5
8.Qd1b3 Nf6e4
9.Ra1c1 d6
10.Bf1d3 d5
11.O-O Ne4xc3
12.bxc3 Bb4d6
13.c5 Bd6c7
14.c4 Bc7d8
15.Bh4g3 Bd8f6
16.cxd5 exd5
 { time }
0-1

[Event "Tourn. n8238"]
[Site "www.chess-mail.com"]
[Date "2015.07.22"]
[Round "1"]
[White "Averoes"]
[Black "Liencam2"]
[WhiteElo "2200"]
[BlackElo "2290"]
[Result "0-1"]
[Round "1"]
1.d4 Ng8f6
2.c4 g6
3.Nb1c3 Bf8g7
4.e4 d6
5.Bf1e2 O-O
6.Ng1f3 e5
7.Bc1e3 Nf6g4
8.Be3g5 f6
9.Bg5h4 g5
10.Bh4g3 Ng4h6
11.d5 Nb8d7
12.O-O f5
13.exf5 Nh6xf5
14.Be2d3 Nd7c5
15.Bd3xf5 Bc8xf5
16.h4 g4
17.Nf3h2 h5
18.f3 Bf5d3
19.fxg4 Rf8xf1
20.Nh2xf1 Bd3xf1
21.Kxf1 Qd8f6
22.Kg1 Qf6g6
23.g5 a5
24.Nc3b5 Ra8c8
25.a3 Qg6e4
26.Qd1xh5 Qe4d4
27.Kh2 Qd4xc4
28.Nb5c3 Rc8f8
29.Qh5g6 Qc4g4
30.h5 Qg4f5
31.Qg6xf5 Rf8xf5
32.Bg3h4 Nc5d3
33.Ra1b1 Nd3f4
34.h6 Nf4g6
35.g3 Bg7f8
36.Nc3e4 Bf8e7
37.Kh3 c6
38.dxc6 bxc6
39.Kg4 Rf5f8
40.b4 Rf8b8
41.Rb1c1 axb4
42.axb4 Rb8xb4
43.Kf5 Ng6xh4
44.gxh4 c5
45.Rc1a1 Rb4b7
46.g6 Rb7d7
 { time }
0-1

[Event "Match"]
[Site "www.echecsemail.com"]
[Date "2015.07.22"]
[Round "1"]
[White "Lebridgeur"]
[Black "Ditto"]
[WhiteElo "1499"]
[BlackElo "1820"]
[Result "0-1"]
[Round "1"]
1.d4 e6
2.e4 d5
3.e5 c5
4.c3 cxd4
5.cxd4 Nb8c6
6.Ng1f3 a5
7.Nb1c3 Bf8b4
8.Bf1d3 Ng8e7
9.O-O Qd8b6
10.a3 Bb4xc3
11.bxc3 a4
12.Bc1e3 O-O
13.Nf3h4 Nc6a5
14.Qd1h5 g6
15.Qh5h6 Qb6d8
16.Be3g5 f6
17.Bg5xf6 Rf8xf6
18.exf6 Ne7f5
19.Nh4xf5 Qd8xf6
20.Nf5e3 Na5c6
21.Ne3g4 Qf6f7
22.Qh6g5 Bc8d7
23.Ng4h6 Kf8
24.Nh6xf7 Kxf7
25.Ra1b1 Ra8b8
 { time }
0-1

[Event "Match"]
[Site "www.echecsemail.com"]
[Date "2015.07.22"]
[Round "1"]
[White "Chtoubidou"]
[Black "Lebridgeur"]
[WhiteElo "1870"]
[BlackElo "1499"]
[Result "1-0"]
[Round "1"]
1.e4 e6
2.d4 d5
3.exd5 exd5
4.Bf1d3 Bf8d6
5.Nb1c3 Ng8e7
6.Ng1e2 Bc8f5
7.O-O c6
8.Bc1f4 O-O
9.Bf4xd6 Qd8xd6
10.Ne2g3 Bf5xd3
11.Qd1xd3 Nb8d7
12.Rf1e1 Rf8e8
13.Nc3d1 Ne7g6
14.Nd1e3 Ng6f4
15.Qd3b3 Qd6c7
16.Ne3f1 Nd7f6
17.Nf1d2 Nf4e6
18.c3 c5
19.dxc5 Ne6xc5
20.Qb3c2 Qc7c6
21.Ra1d1 Nc5e4
22.Nd2xe4 Nf6xe4
23.Ng3xe4 Re8xe4
24.Qc2d2  { time }
1-0

[Event "Match"]
[Site "www.echecsemail.com"]
[Date "2015.07.22"]
[Round "1"]
[White "Reanna"]
[Black "Farnation"]
[WhiteElo "1590"]
[BlackElo "1050"]
[Result "0-1"]
[Round "1"]
1.c4 e5
2.e4 Ng8f6
3.d3 Nb8c6
4.Bf1e2 Nc6d4
5.Ng1f3 Bf8b4
6.Bc1d2 a5
7.Nf3xd4 exd4
8.O-O O-O
9.Qd1b3 Bb4d6
10.Qb3c2 a4
11.c5 Bd6e5
12.Nb1a3 d6
13.Na3b5 Ra8a5
14.Bd2xa5 dxc5
15.Qc2xc5 Nf6d7
16.Qc5d5 c6
17.Ba5xd8 Rf8xd8
18.Qd5c4 Nd7f6
19.Nb5a7 Bc8e6
20.Qc4xa4 b5
 { time }
0-1

[Event "Match"]
[Site "www.echecsemail.com"]
[Date "2015.07.22"]
[Round "1"]
[White "Jacks"]
[Black "Conde7"]
[WhiteElo "2870"]
[BlackElo "2850"]
[Result "0-1"]
[Round "1"]
1.e4 c5
2.Ng1f3 d6
3.d4 cxd4
4.Nf3xd4 Ng8f6
5.Nb1c3 a6
6.Bc1e3 e5
7.Nd4b3 Bc8e6
8.f3 h5
9.Qd1d2 Nb8d7
10.Nc3d5 Be6xd5
11.exd5 g6
12.Bf1e2 Bf8g7
13.O-O b6
14.Ra1e1 O-O
15.c4 Rf8e8
16.h3 Qd8c7
17.Re1c1 a5
18.Nb3a1 h4
19.Qd2e1 Nf6h5
20.Qe1xh4 Bg7f6
21.Qh4e1 Qc7d8
22.Qe1d2 Nh5g3
23.Rf1d1 Ng3f5
24.Rc1b1 Nf5xe3
25.Qd2xe3 Bf6h4
26.Kh2 f5
27.Qe3g1 Nd7f6
28.g3 Bh4g5
29.Na1b3 Ra8a7
30.h4 Bg5h6
31.Kg2 Nf6h5
32.Qg1h2 Ra7h7
33.Kf2 f4
34.g4 Nh5g3
35.Be2d3 e4
36.Bd3xe4 Ng3xe4
37.fxe4 f3
38.e5 Bh6g5
39.h5 gxh5
40.Rd1h1 Re8xe5
41.Rb1e1 Re5xe1
42.Kxe1 Qd8e7
43.Kd1 hxg4
44.Qh2xh7 Qe7xh7
45.Rh1xh7 Kxh7
46.Nb3d4 Bg5f6
{ resign }
0-1

[Event "Match"]
[Site "www.echecsemail.com"]
[Date "2015.07.22"]
[Round "1"]
[White "Ztornad"]
[Black "Hundegana"]
[WhiteElo "1800"]
[BlackElo "1930"]
[Result "0-1"]
[Round "1"]
1.Ng1f3 d6
2.d4 Bc8g4
3.h3 Bg4xf3
4.gxf3 Ng8f6
5.e4 a6
6.c3 c6
7.b4 h6
8.Nb1a3 Nb8d7
9.e5 Nf6d5
10.Qd1d2 dxe5
11.Bf1c4 exd4
12.cxd4 e6
13.Bc1b2 Bf8xb4
14.Qd2xb4 Nd5xb4
15.Bc4b3 Nb4d3
16.Kf1 Nd3xb2
17.Ra1b1 Nb2d3
18.Ke2 Nd3f4
19.Kf1 Qd8g5
20.Rh1g1 Qg5f6
21.Na3c2 Nf4xh3
22.Rg1g3 Nh3f4
23.Rb1d1 O-O-O
24.a4 g5
25.Nc2e3 h5
26.Ne3g2 Nf4xg2
27.Kxg2 h4
28.Rg3h3 Rd8g8
29.Bb3c2 Nd7f8
30.Bc2e4 g4
31.Rh3h1 gxf3
32.Kf1 h3
33.Rh1h2 Rg8g2
34.Rh2h1 h2
35.Rd1d3 Rg2g1
36.Rh1xg1 hxg1Q
 { time }
0-1

[Event "Match"]
[Site "www.echecsemail.com"]
[Date "2015.07.22"]
[Round "1"]
[White "Hundegana"]
[Black "Ericleo1980"]
[WhiteElo "1950"]
[BlackElo "1809"]
[Result "0-1"]
[Round "1"]
1.e4 c5
2.f4 d5
3.e5 Bc8f5
4.d3 Nb8c6
5.g4 Bf5d7
6.c3 Qd8b6
7.Qd1c2 Bd7xg4
8.h3 Bg4h5
9.Rh1h2 e6
10.Nb1d2 Bf8e7
11.Ng1f3 Ng8h6
12.Bf1e2 Nh6f5
13.Nd2f1 Bh5xf3
14.Be2xf3 Be7h4
15.Kd1 O-O
16.Bc1d2 Nc6e7
17.b3 a5
18.a4 c4
19.bxc4 Qb6g1
20.Rh2h1 Qg1f2
21.Bf3g4 dxc4
22.d4 Ra8d8
23.Kc1 Rd8d5
24.Qc2d1 b5
25.axb5 Rd5xb5
26.Qd1e2 Nf5xd4
27.cxd4 Qf2xd4
28.Ra1a2 Rf8b8
29.Qe2e3 Rb5b1
30.Kc2 Rb8b2
31.Ra2xb2 Qd4xb2
{ resign }
0-1

[Event "Tourn. n8285"]
[Site "www.chess-mail.com"]
[Date "2015.07.23"]
[Round "1"]
[White "Drdoom"]
[Black "Cheminet"]
[WhiteElo "1700"]
[BlackElo "1420"]
[Result "1-0"]
[Round "1"]
1.e4 c5
2.c4 Nb8c6
3.Ng1f3 g6
4.d4 d6
5.d5 Nc6e5
6.Nf3xe5 dxe5
7.Nb1c3 Ng8f6
8.Bc1e3 Qd8a5
9.Bf1d3 Bc8d7
10.O-O Bf8g7
11.Qd1d2 Nf6g4
12.h3 Ng4xe3
13.Qd2xe3 O-O
14.Rf1b1 f5
15.a3 fxe4
16.Nc3xe4 Qa5c7
17.Ne4xc5 Bd7f5
18.Bd3xf5 gxf5
19.Nc5e6 Qc7xc4
20.Ne6xf8 Ra8xf8
21.Rb1d1 f4
22.Qe3xa7 e4
23.Ra1b1 Qc4b3
24.Qa7c5 e3
25.f3 b6
26.Qc5xe7 Qb3b5
27.d6 Qb5c5
28.Qe7e6 Kh8
29.Rd1e1 e2
30.Kh1 Qc5f2
31.Re1xe2 Qf2h4
32.d7 { resign }
1-0

[Event "Tourn. n8285"]
[Site "www.chess-mail.com"]
[Date "2015.07.23"]
[Round "1"]
[White "Marandlen"]
[Black "Cheminet"]
[WhiteElo "1499"]
[BlackElo "1420"]
[Result "1-0"]
[Round "1"]
1.e4 c5
2.Ng1f3 Nb8c6
3.Nb1c3 d6
4.d4 cxd4
5.Nf3xd4 g6
6.Bf1b5 Bc8d7
7.Nd4xc6 bxc6
8.Bb5c4 Ng8h6
9.Qd1f3 Bf8g7
10.Bc1xh6 O-O
11.Bh6xg7 Kxg7
12.O-O e6
13.Ra1d1 Qd8e7
14.Rf1e1 e5
15.Re1e2 f5
16.exf5 Bd7xf5
17.Qf3xc6 Ra8c8
18.Qc6xd6 Qe7xd6
19.Rd1xd6 Rc8xc4
20.Re2xe5 Bf5xc2
21.Re5e7 Rf8f7
22.Re7xf7 Kxf7
23.Rd6d7 Kg8
24.Rd7xa7 Bc2e4
25.f3 Be4c6
26.Ra7c7 h5
27.a4 Kf8
28.a5 Ke8
29.a6 Kd8
30.Rc7g7 Bc6e8
31.a7 Rc4c8
32.b4 Be8c6
33.b5 Bc6d7
34.b6 { resign }
1-0

[Event "Tourn. n8277"]
[Site "www.chess-mail.com"]
[Date "2015.07.23"]
[Round "1"]
[White "Seger"]
[Black "Fanny33"]
[WhiteElo "2690"]
[BlackElo "2750"]
[Result "1/2-1/2"]
[Round "1"]
1.e4 c5
2.Ng1f3 d6
3.Nb1c3 a6
4.d4 cxd4
5.Nf3xd4 Ng8f6
6.Bf1e2 e6
7.O-O Qd8c7
8.Qd1d3 Nb8d7
9.a4 b6
10.Qd3g3 Bc8b7
11.f3 Bf8e7
12.Qg3xg7 Rh8g8
13.Qg7h6 d5
14.exd5 Be7c5
15.Bc1e3 Qc7e5
16.Ra1d1 Rg8g6
17.Qh6f4 Qe5xf4
18.Be3xf4 e5
19.Bf4e3 exd4
20.Be3xd4 O-O-O
21.Bd4xc5 bxc5
22.Be2d3 Rg6g8
23.Rf1e1 Nd7b6
24.Re1e7 Nf6xd5
25.Re7xf7 Nd5xc3
26.bxc3 Rd8f8
27.Rf7xf8 Rg8xf8
28.a5 Nb6a4
29.Bd3xh7 Na4xc3
30.Rd1d6 Kc7
31.Rd6g6 Bb7c8
{ draw }
1/2-1/2

[Event "Tourn. n8293"]
[Site "www.chess-mail.com"]
[Date "2015.07.23"]
[Round "1"]
[White "Rons"]
[Black "Neverless"]
[WhiteElo "2540"]
[BlackElo "2660"]
[Result "1-0"]
[Round "1"]
1.e4 c5
2.Ng1f3 d6
3.d4 cxd4
4.Nf3xd4 Ng8f6
5.Nb1c3 a6
6.Bc1e3 e5
7.Nd4b3 Bc8e6
8.f3 Bf8e7
9.Qd1d2 O-O
10.O-O-O Nb8d7
11.g4 b5
12.g5 b4
13.Nc3e2 Nf6e8
14.f4 a5
15.f5 a4
16.Nb3d4 b3
17.Nd4xb3 axb3
18.cxb3 Be6xb3
19.axb3 Ra8a1
20.Kc2 Qd8c7
21.Ne2c3  { time }
1-0

[Event "Tourn. n8316"]
[Site "www.chess-mail.com"]
[Date "2015.07.23"]
[Round "1"]
[White "Raulazo"]
[Black "Mitja"]
[WhiteElo "1889"]
[BlackElo "1660"]
[Result "1-0"]
[Round "1"]
1.e4 d5
2.exd5 Qd8xd5
3.Nb1c3 Qd5d8
4.Ng1f3 e6
5.d3 c6
6.Bc1g5 Bf8e7
7.Qd1d2 Be7xg5
8.Nf3xg5 h6
9.Ng5e4 Ng8f6
10.O-O-O Nf6xe4
11.Nc3xe4 Qd8e7
12.Qd2c3 f6
13.g4 Nb8d7
14.d4 Nd7b6
15.h4 Nb6d5
16.Qc3b3 Nd5b6
17.Bf1d3 Bc8d7
18.Rd1e1 O-O-O
19.Ne4c5 e5
20.Qb3a3 Kb8
21.Nc5a6 bxa6
22.Qa3xe7 { resign }
1-0

[Event "Tourn. n8318"]
[Site "www.chess-mail.com"]
[Date "2015.07.23"]
[Round "1"]
[White "Libiesse"]
[Black "Xkafi"]
[WhiteElo "2020"]
[BlackElo "1960"]
[Result "0-1"]
[Round "1"]
1.d4 g6
2.c4 e6
3.Ng1f3 b6
4.Nb1c3 Bf8b4
5.Bc1d2 Bb4f8
6.e4 Bf8g7
7.Bf1e2 h5
8.O-O Bc8b7
9.Bd2f4 Ng8f6
10.Qd1d3 Bb7a6
11.b4 d5
12.b5 Ba6b7
13.Ra1c1 Nf6xe4
14.cxd5 Ne4xc3
15.Qd3xc3 Qd8xd5
16.Qc3xc7 Bg7xd4
17.Nf3xd4 Qd5xg2
{ resign }
0-1

[Event "Tourn. n8288"]
[Site "www.chess-mail.com"]
[Date "2015.07.23"]
[Round "1"]
[White "Vinvangogh"]
[Black "Gatrooper"]
[WhiteElo "1480"]
[BlackElo "1200"]
[Result "0-1"]
[Round "1"]
1.e4 e5
2.Ng1f3 Nb8c6
3.Bf1b5 a6
4.Nb1c3 axb5
5.Nc3xb5 d6
6.O-O Bc8g4
7.a4 Bg4xf3
8.Qd1xf3 Ng8f6
9.c3 h6
10.b4 d5
11.d4 dxe4
12.Qf3e3 exd4
13.cxd4 Bf8xb4
14.Bc1d2 Bb4xd2
15.Qe3xd2 Nf6d5
16.a5 Qd8d7
17.Ra1b1 Nc6xa5
18.f3 Na5c4
19.Qd2c2 Nd5e3
20.Qc2xe4 Kf8
21.Nb5c3 Ne3xf1
22.Rb1xf1 Nc4d2
23.Qe4e1 Nd2xf1
24.Qe1xf1 Qd7xd4
25.Qf1f2 Ra8a1
26.Nc3d1 Qd4xd1
27.Qf2f1 Qd1xf1
{ resign }
0-1

[Event "Tourn. n8306"]
[Site "www.chess-mail.com"]
[Date "2015.07.23"]
[Round "1"]
[White "Libiesse"]
[Black "Xkafi"]
[WhiteElo "2020"]
[BlackElo "1960"]
[Result "1-0"]
[Round "1"]
1.d4 c5
2.Ng1f3 f6
3.e4 Nb8c6
4.d5 Nc6e5
5.c4 d6
6.Nb1c3 Bc8g4
7.Bf1e2 Qd8a5
8.Nf3xe5 fxe5
9.Be2xg4 Ng8f6
10.Bg4f3 h6
11.O-O g5
12.Qd1d3 g4
13.Bf3d1 Rh8g8
14.Bd1a4 Kd8
15.a3 a6
16.Bc1d2 h5
17.Ba4c2 Qa5c7
18.b4 h4
19.f4 Bf8g7
20.fxe5 Nf6h5
21.exd6 Qc7xd6
22.Rf1f5 Bg7d4
23.Kh1 Nh5g7
24.Rf5f7 Ng7h5
25.Ra1f1 Kd7
26.Nc3e2 Bd4e5
27.Bc2a4 Kd8
28.Rf7f8 Kc7
29.bxc5 Qd6xc5
30.Bd2b4 Qc5a7
31.Rf8f5 Ra8f8
32.Rf5xf8 Rg8xf8
33.Rf1xf8 Nh5f6
34.d6 exd6
35.Bb4xd6 Be5xd6
36.Rf8f7 { resign }
1-0

[Event "Tourn. n8205"]
[Site "www.chess-mail.com"]
[Date "2015.07.23"]
[Round "1"]
[White "Szustan"]
[Black "Squimichele"]
[WhiteElo "2590"]
[BlackElo "2460"]
[Result "1-0"]
[Round "1"]
1.e4 c6
2.d4 d5
3.Nb1c3 dxe4
4.Nc3xe4 Bc8f5
5.Ne4g3 Bf5g6
6.h4 h6
7.Ng1f3 Nb8d7
8.h5 Bg6h7
9.Bf1d3 Bh7xd3
10.Qd1xd3 Qd8c7
11.Bc1d2 e6
12.O-O-O Ng8f6
13.Ng3e4 O-O-O
14.Ne4xf6 Nd7xf6
15.Qd3e2 Rd8d5
16.c3 Rd5a5
17.Kb1 Ra5xh5
18.Rh1xh5 Nf6xh5
19.Qe2e5 Qc7xe5
20.dxe5 f5
21.Bd2e3 Bf8e7
22.Be3xa7 c5
23.g3 Rh8d8
24.Rd1h1 Rd8d3
25.Nf3e1 Rd3d1
26.Kc2 Rd1a1
27.Ba7b6 g6
28.c4 Ra1xa2
29.Ne1d3 Ra2a6
30.Bb6xc5 Be7xc5
31.Nd3xc5 Ra6c6
32.b4 b6
33.Nc5a4 Rc6xc4
34.Kb3 Rc4e4
35.Na4xb6 Kc7
36.Nb6c4 Re4e2
37.b5 Re2xf2
38.b6 Kb7
39.Rh1a1 Rf2f3
40.Kb4 { resign }
1-0

[Event "Tourn. n8304"]
[Site "www.chess-mail.com"]
[Date "2015.07.23"]
[Round "1"]
[White "Pipas"]
[Black "Vitoriccardo"]
[WhiteElo "1670"]
[BlackElo "1710"]
[Result "0-1"]
[Round "1"]
1.e4 e6
2.d4 d5
3.e5 c5
4.c4 Nb8c6
5.Ng1f3 Bc8d7
6.a3 Qd8b6
7.Ra1a2 cxd4
8.Bf1d3 dxc4
9.Bd3xc4 Ng8e7
10.O-O Ne7f5
11.Bc1e3 dxe3
 { time }
0-1

[Event "Tourn. n8304"]
[Site "www.chess-mail.com"]
[Date "2015.07.23"]
[Round "1"]
[White "Zazi"]
[Black "Pipas"]
[WhiteElo "1630"]
[BlackElo "1670"]
[Result "1-0"]
[Round "1"]
1.e4 e5
2.d3 d5
3.Qd1f3 Ng8f6
4.h3 d4
5.Bc1g5 Bf8e7
6.Nb1d2 h6
7.Bg5xf6 Be7xf6
8.O-O-O Bf6g5
9.g3 O-O
10.h4 Bg5xd2
11.Rd1xd2 Nb8d7
12.Qf3h5 b5
13.Bf1g2  { time }
1-0

[Event "Tourn. n8123"]
[Site "www.chess-mail.com"]
[Date "2015.07.23"]
[Round "1"]
[White "Aperturaf"]
[Black "Seger"]
[WhiteElo "2430"]
[BlackElo "2680"]
[Result "0-1"]
[Round "1"]
1.e4 e6
2.d4 d5
3.Bf1d3 dxe4
4.Bd3xe4 c5
5.Ng1e2 Ng8f6
6.Be4f3 Nb8c6
7.Bc1e3 e5
8.Bf3xc6 bxc6
9.dxe5 Qd8xd1
10.Kxd1 Nf6g4
11.Nb1d2 Bf8e7
12.Ne2g3 Ng4xe5
13.Rh1e1 O-O
14.Ng3e4 Ne5d7
15.Be3g5 Be7xg5
16.Ne4xg5 Rf8d8
17.Ng5f3 f6
18.b3 Nd7b6
19.Kc1 a5
20.a4 h6
21.c4 Rd8d3
22.Re1e7 Bc8f5
23.Re7c7 Ra8e8
24.Rc7xc6 Nb6d7
25.Kd1 Bf5e4
26.Rc6a6 Be4xf3
27.gxf3 Nd7e5
28.Kc2 Re8d8
29.Nd2e4 Rd3xf3
30.Ra1g1 f5
31.Ne4xc5 Rf3xf2
32.Kc3 Rd8d2
33.Rg1c1 Rd2e2
34.Ra6xa5 Rf2f3
35.Kb4 Ne5c6
36.Kb5 Nc6xa5
37.Kxa5 f4
38.b4 Rf3e3
39.Rc1f1 f3
40.b5 Re2xh2
41.b6 Rh2b2
42.Ka6 g5
43.Nc5d7 Kg7
44.c5 g4
45.c6 Rb2c2
46.c7 Re3e8
 { time }
0-1

[Event "Match"]
[Site "www.echecsemail.com"]
[Date "2015.07.23"]
[Round "1"]
[White "Joseph1983"]
[Black "Castletyme"]
[WhiteElo "2220"]
[BlackElo "1890"]
[Result "1/2-1/2"]
[Round "1"]
1.g3 e6
2.Bf1g2 Bf8e7
3.c4 Ng8f6
4.Ng1f3 O-O
5.O-O c6
6.Nb1c3 d5
7.cxd5 exd5
8.d4 Bc8g4
9.h3 Bg4xf3
10.Bg2xf3 Nb8d7
11.e4 dxe4
12.Nc3xe4 Nf6xe4
13.Bf3xe4 Nd7f6
14.Be4g2 Rf8e8
15.Rf1e1 Be7b4
16.Re1xe8 Qd8xe8
17.a3 Bb4e7
18.Bc1g5 Nf6d5
19.Bg2xd5 { draw }
1/2-1/2

[Event "Match"]
[Site "www.echecsemail.com"]
[Date "2015.07.23"]
[Round "1"]
[White "Stevep84"]
[Black "Harrytheking"]
[WhiteElo "2130"]
[BlackElo "1770"]
[Result "1-0"]
[Round "1"]
1.e4 b6
2.d4 Bc8a6
3.Bf1xa6 Nb8xa6
4.Ng1f3 h6
5.O-O e6
6.Nb1c3 c6
7.e5 d6
8.Qd1e2  { time }
1-0

[Event "Match"]
[Site "www.echecsemail.com"]
[Date "2015.07.23"]
[Round "1"]
[White "Karlgrocer"]
[Black "Ditto"]
[WhiteElo "1900"]
[BlackElo "1820"]
[Result "1-0"]
[Round "1"]
1.Ng1f3 d5
2.d4 Nb8c6
3.e3 Bc8g4
4.Bf1e2 Ng8f6
5.O-O e6
6.a3 Bf8e7
7.Nb1d2 O-O
8.c4 Bg4f5
9.cxd5 exd5
10.b4 Be7d6
11.Bc1b2 Rf8e8
12.h3 Nf6e4
13.Nd2xe4 dxe4
14.Nf3d2 Qd8g5
15.Kh1 Nc6e7
16.Nd2c4 Ne7g6
17.Nc4xd6 cxd6
18.f4 Qg5g3
19.Bb2c1 Ng6h4
20.Rf1g1 Bf5d7
21.Be2f1 Re8e6
22.Qd1e2 Re6h6
23.Ra1a2 Bd7c6
24.Bc1d2 Nh4f5
25.Ra2b2 Qg3h4
26.Bd2e1 Qh4f6
27.Be1f2 Bc6d7
28.g4 Nf5h4
29.g5 Qf6e6
30.gxh6 Qe6xh6
31.Bf2xh4 Qh6xh4
32.Qe2g2 d5
33.Qg2xg7 { resign }
1-0

[Event "Tourn. n8171"]
[Site "www.chess-mail.com"]
[Date "2015.07.24"]
[Round "1"]
[White "Numanoid"]
[Black "Thurgau"]
[WhiteElo "2580"]
[BlackElo "2700"]
[Result "1/2-1/2"]
[Round "1"]
1.e4 c5
2.Ng1f3 d6
3.d4 cxd4
4.Nf3xd4 Ng8f6
5.Nb1c3 a6
6.Bc1g5 e6
7.f4 Qd8b6
8.Qd1d2 Qb6xb2
9.Ra1b1 Qb2a3
10.e5 dxe5
11.fxe5 Nf6d7
12.Nc3e4 h6
13.Bg5h4 Qa3xa2
14.Rb1d1 Qa2d5
15.Qd2e3 Qd5xe5
16.Bf1e2 Bf8c5
17.Bh4g3 Qe5d5
18.c4 Bc5xd4
19.Rd1xd4 Qd5a5
20.Rd4d2 O-O
21.Bg3d6 Rf8d8
22.g4 Nb8c6
23.g5 hxg5
24.Rh1g1 g6
25.Rg1xg5 Qa5a1
26.Kf2 Qa1g7
27.h4 a5
28.h5 a4
29.Rg5g1 Ra8a5
30.c5 Nd7f6
31.hxg6 fxg6
32.Ke1 Nf6xe4
33.Qe3xe4 Rd8xd6
34.Rg1xg6 Rd6xd2
35.Rg6xg7 Kxg7
36.Qe4g4 Kf8
37.Kxd2 Ra5xc5
38.Qg4xa4 Ke7
39.Qa4g4 b6
40.Qg4g3 { time. }{ draw }
1/2-1/2

[Event "Tourn. n8264"]
[Site "www.chess-mail.com"]
[Date "2015.07.24"]
[Round "1"]
[White "Ostapbender"]
[Black "Korto"]
[WhiteElo "2710"]
[BlackElo "2440"]
[Result "1-0"]
[Round "1"]
1.e4 c5
2.Ng1f3 d6
3.d4 cxd4
4.Nf3xd4 Ng8f6
5.Nb1c3 a6
6.f4 e5
7.Nd4f3 Nb8c6
8.fxe5 Nc6xe5
9.Nf3xe5 dxe5
10.Qd1xd8 Kxd8
11.Bc1g5 Bc8e6
12.O-O-O Kc7
13.Bg5xf6 gxf6
14.Nc3d5 Be6xd5
15.Rd1xd5 Bf8h6
16.Kb1 Ra8d8
17.Bf1c4 Rh8g8
18.g3 b5
19.Bc4b3 Rd8xd5
20.Bb3xd5 Rg8d8
21.Rh1f1  { time }
1-0

[Event "Tourn. n8293"]
[Site "www.chess-mail.com"]
[Date "2015.07.24"]
[Round "1"]
[White "Neverless"]
[Black "Greghghs"]
[WhiteElo "2660"]
[BlackElo "2380"]
[Result "0-1"]
[Round "1"]
1.e4 c5
2.Ng1f3 d6
3.d4 cxd4
4.Nf3xd4 Ng8f6
5.Nb1c3 Nb8c6
6.Bc1g5 Bc8d7
7.Qd1d2 Ra8c8
8.O-O-O Nc6xd4
9.Qd2xd4 Qd8a5
10.f4 Rc8xc3
11.bxc3 e5
12.fxe5 dxe5
13.Qd4xd7 { time. }
0-1

[Event "Tourn. n8303"]
[Site "www.chess-mail.com"]
[Date "2015.07.24"]
[Round "1"]
[White "Bojan"]
[Black "Comrade"]
[WhiteElo "1890"]
[BlackElo "2090"]
[Result "0-1"]
[Round "1"]
1.e4 c5
2.Ng1f3 Nb8c6
3.c3 Ng8f6
4.d3 d6
5.Bc1g5 e6
6.Nb1d2 Bf8e7
7.Nd2b3 O-O
8.Qd1e2 a5
9.a3 b5
10.Qe2d2 a4
11.Nb3c1 Bc8b7
12.h3 Nc6e5
13.Nf3xe5 dxe5
14.Qd2e3 Ra8c8
15.Bf1e2 c4
16.f3 Be7c5
17.Qe3d2 Qd8b6
18.Bg5xf6 gxf6
19.Nc1a2 Bc5e3
20.Qd2c2 Be3f2
21.Kd1 Rf8d8
22.Na2b4 Bf2e3
23.g3 f5
24.Rh1h2 fxe4
25.fxe4 Bb7xe4
26.Be2f1 cxd3
27.Qc2b1 Be4f3
{ resign }
0-1

[Event "Tourn. n8262"]
[Site "www.chess-mail.com"]
[Date "2015.07.24"]
[Round "1"]
[White "T9l9"]
[Black "Tartan"]
[WhiteElo "2410"]
[BlackElo "2460"]
[Result "0-1"]
[Round "1"]
1.d4 Ng8f6
2.c4 e6
3.Nb1c3 Bf8b4
4.Qd1c2 O-O
5.a3 Bb4xc3
6.Qc2xc3 b6
7.Bc1g5 Bc8b7
8.f3 d5
9.cxd5 exd5
10.e3 Rf8e8
11.Bf1d3 h6
12.Bg5xf6 Qd8xf6
13.Kf2 c5
14.Ng1e2 Qf6e7
15.Bd3c2 Nb8d7
16.Ne2g3 cxd4
17.Qc3xd4 Ra8c8
18.Bc2b3 Nd7c5
19.Bb3a2 Nc5e6
20.Qd4d2 Qe7f6
21.Ra1d1 d4
22.exd4 Ne6xd4
23.Qd2xd4 Rc8c2
{ resign }
0-1

[Event "Tourn. n8313"]
[Site "www.chess-mail.com"]
[Date "2015.07.24"]
[Round "1"]
[White "Bigoak"]
[Black "Amaya"]
[WhiteElo "1910"]
[BlackElo "1920"]
[Result "0-1"]
[Round "1"]
1.e4 e6
2.d4 d5
3.Nb1c3 Bf8b4
4.e5 c5
5.a3 Bb4xc3
6.bxc3 Ng8e7
7.Qd1g4 Qd8c7
8.h4 cxd4
9.cxd4 Qc7c3
10.Kd1 Qc3xa1
11.Qg4xg7 Rh8g8
12.Qg7xh7 Qa1xd4
13.Bf1d3 Qd4xe5
14.Ng1f3 Qe5c3
15.Nf3g5 Qc3g7
16.Qh7h5 Ne7g6
17.Qh5f3 Ng6e5
18.Qf3f4 Ne5xd3
19.cxd3 Nb8c6
20.Bc1b2 Qg7g6
21.Rh1h3 Bc8d7
22.Rh3f3 O-O-O
23.Bb2f6 Rd8f8
24.g4 e5
25.Qf4g3 Nc6d4
26.h5 Qg6h6
27.Rf3e3 Qh6xf6
{ resign }
0-1

[Event "Tourn. n7952"]
[Site "www.chess-mail.com"]
[Date "2015.07.24"]
[Round "1"]
[White "Numanoid"]
[Black "Seger"]
[WhiteElo "2600"]
[BlackElo "2630"]
[Result "1/2-1/2"]
[Round "1"]
1.e4 e6
2.d4 d5
3.Nb1c3 Ng8f6
4.e5 Nf6d7
5.Ng1f3 c5
6.dxc5 Bf8xc5
7.Bf1d3 Nb8c6
8.Bc1f4 a6
9.Qd1e2 b5
10.O-O Bc8b7
11.Rf1e1 Bc5e7
12.Qe2d2 Nd7c5
13.Nc3e2 Ra8c8
14.Ne2d4 Nc6a5
15.b3 h6
16.h3 Nc5e4
17.Qd2c1 Be7b4
18.Re1d1 Qd8e7
19.Bd3xe4 dxe4
20.Nf3h2 Na5c6
21.Nd4xc6 Bb7xc6
22.c4 Bb4c5
23.Nh2g4 h5
24.Ng4e3 O-O
25.Qc1c2 f5
26.exf6 Qe7xf6
27.Bf4h2 bxc4
28.bxc4 Qf6g5
29.Rd1e1 Rc8d8
30.Ra1b1 Rd8d3
31.Rb1b8 Rf8xb8
32.Bh2xb8 Bc5xe3
33.fxe3 Rd3xe3
34.Re1xe3 Qg5xe3
35.Kh2 Qe3d4
36.Bb8g3 e3
37.Qc2g6 Qd4f6
38.Qg6xf6 gxf6
39.Bg3e1 Kf7
40.g4 e5
41.Kg3 Ke6
42.Be1c3 f5
43.gxf5 Kxf5
44.Bc3a5 Ke4
45.Kg2 Bc6d7
46.c5 Kd3
47.c6 Bd7xc6
48.Kf1 Bc6d5
49.a3 h4
50.Ke1 Bd5e6
51.Ba5d8 Be6xh3
52.Bd8xh4 Bh3e6
53.Bh4f6 Ke4
54.Bf6g5 Kf3
55.Bg5f6 Kf4
56.Bf6g7 Ke4
57.Bg7h6 Be6d7
58.Bh6g7 a5
59.Bg7h6 a4
60.Bh6g7 Bd7g4
{ draw }
1/2-1/2

[Event "Tourn. n8312"]
[Site "www.chess-mail.com"]
[Date "2015.07.24"]
[Round "1"]
[White "Gatrooper"]
[Black "Vogue"]
[WhiteElo "1200"]
[BlackElo "1399"]
[Result "0-1"]
[Round "1"]
1.e4 c6
2.d4 d5
3.e5 c5
4.dxc5 e6
5.Nb1c3 Bf8xc5
6.Bc1e3 Bc5xe3
7.fxe3 Ng8h6
8.Nc3b5 O-O
9.Nb5d6 Nb8c6
10.Ng1f3 f6
11.Bf1b5 Nc6xe5
12.Nf3xe5 fxe5
13.Nd6xc8 Qd8h4
14.g3 Qh4b4
15.c3 Qb4xb5
16.Nc8e7 Kf7
17.Rh1f1 Kxe7
18.Qd1c2 Qb5xf1
19.Kd2 Rf8f2
{ resign }
0-1

[Event "Match"]
[Site "www.echecsemail.com"]
[Date "2015.07.24"]
[Round "1"]
[White "Wildtiger"]
[Black "Fangshuo1"]
[WhiteElo "1620"]
[BlackElo "1499"]
[Result "0-1"]
[Round "1"]
1.e4 e6
2.d4 d5
3.Nb1c3 Bf8b4
4.Bc1d2 Ng8e7
5.a3 Bb4a5
6.b4 Ba5b6
7.Ng1f3 dxe4
 { time }
0-1